000 00736nam a22002777a 4500
003 OSt
005 20220924113446.0
006 a|||||r|||| 00| 0
007 ta
008 220923b |||||||| |||| 00| 0 eng d
020 _a0435*900110 (hbk)
024 _a13293
037 _cGeneral Books
040 _aARTS
_cARTS
_beng
041 _2eng
_aeng
082 _aO11196,3N181,1, K5
100 _aAluko T M
245 0 _aOne man , one matchet
260 _aLondon
_bHeinemann
_c1965
300 _a152p.
490 _aAfrican writers series; 11
500 _aReprint 1980
650 _aENGLISH LITERATURE
942 _hO11196,3N181,1, K5
_cGB
_2CC
999 _c389772
_d389772